000
00453nam a2200145Ia 4500
008
151213s9999 xx 000 0 und d
100
_a
আবুল হাসান।
245
_a
পৃথক পালঙ্ক।
_c
আবুল হাসান।
260
_a
ঢাকা।
_b
সন্ধানী।
_c
1975
300
_a
8659 p.
650
_a
Bangla
650
_a
িগল্প।
700
_a
আবুল হাসান।
999
_c
4445
_d
4445